[Event "38. Open Ciudad de San Sebastián"]
[Site "San Sebastián ESP"]
[Date "2015.03.29"]
[Round "3.45"]
[White "Shehab, Ibrahim"]
[Black "Al Azmi, Khalaf"]
[Result "1-0"]
[WhiteElo "1934"]
[BlackElo "1749"]
[PlyCount "49"]
[EventDate "2015.03.28"]
[EventType "swiss"]
[EventRounds "9"]
[EventCountry "ESP"]
[Source "lmi"]
[SourceDate "2015.03.28"]

1. d4 Nf6 2. c4 d6 3. Nc3 g6 4. Nf3 Bg7 5. e4 Bg4 6. Be2 Bxf3 7. Bxf3 Nc6 8.
O-O O-O 9. a3 e5 10. d5 Nd4 11. Be3 c5 12. dxc6 Nxf3+ 13. Qxf3 bxc6 14. Rfd1
Qc7 15. b4 a6 16. a4 Rfb8 17. Rab1 Ne8 18. a5 Bf8 19. Na4 Rb7 20. Nb6 Rab8 21.
c5 Kg7 22. cxd6 Bxd6 23. Bc5 Bxc5 24. Rd7 Bxb6 25. Qxf7+ 1-0

[Event "38. Open Ciudad de San Sebastián"]
[Site "San Sebastián ESP"]
[Date "2015.03.29"]
[Round "3.46"]
[White "Esnaola Sansebastian, Ion"]
[Black "Sanchez Merino, Christian"]
[Result "0-1"]
[WhiteElo "1910"]
[BlackElo "1730"]
[PlyCount "42"]
[EventDate "2015.03.28"]
[EventType "swiss"]
[EventRounds "9"]
[EventCountry "ESP"]
[Source "lmi"]
[SourceDate "2015.03.28"]

1. e4 e5 2. Nf3 Nf6 3. Nxe5 c6 4. Bc4 Qe7 5. d4 Nxe4 6. Bxf7+ Kd8 7. Qf3 Nf6 8.
O-O d6 9. Bb3 dxe5 10. dxe5 Ne8 11. Rd1+ Kc7 12. e6 Qf6 13. Bg5 Qxg5 14. Nc3
Bd6 15. Ne4 Qe7 16. Nxd6 Nxd6 17. Rxd6 Rf8 18. Qg4 Qxd6 19. Qxg7+ Kb6 20. c3
Re8 21. Rd1 Rxe6 0-1

[Event "38. Open Ciudad de San Sebastián"]
[Site "San Sebastián ESP"]
[Date "2015.03.29"]
[Round "3.47"]
[White "Ruiz Egana, Xabier"]
[Black "Izagirre Alsua, Aritz"]
[Result "1/2-1/2"]
[WhiteElo "1686"]
[BlackElo "1908"]
[PlyCount "101"]
[EventDate "2015.03.28"]
[EventType "swiss"]
[EventRounds "9"]
[EventCountry "ESP"]
[Source "lmi"]
[SourceDate "2015.03.28"]

1. e4 c5 2. Nf3 a6 3. d4 cxd4 4. Nxd4 d6 5. Nc3 Nf6 6. h3 e5 7. Nf3 b5 8. Bg5
Nbd7 9. Bd3 Bb7 10. O-O Be7 11. Nd2 O-O 12. Ne2 d5 13. Ng3 Nc5 14. Nf5 dxe4 15.
Nxe7+ Qxe7 16. Be2 h6 17. Be3 Rfd8 18. Qc1 Ne6 19. Re1 Nd4 20. Bf1 Rac8 21. c3
Ne6 22. Nb3 Qc7 23. a4 Bd5 24. Nd2 Rb8 25. axb5 axb5 26. Ra7 Rb7 27. Qa1 Nc5
28. Bxc5 Qxc5 29. Rxb7 Bxb7 30. Nb3 Qd5 31. Na5 Ba8 32. c4 bxc4 33. Nxc4 Qc5
34. Qa5 Qxa5 35. Nxa5 Rb8 36. b3 Rb4 37. Rc1 Bd5 38. Bc4 g6 39. Bxd5 Nxd5 40.
Rc4 Rxc4 41. bxc4 Nc7 42. Kf1 f6 43. Ke2 Kf7 44. Ke3 f5 45. g4 Kf6 46. Nb3 Kg5
47. Nc5 Kf6 48. Nd7+ Ke6 49. Nf8+ Kf7 50. Nd7 Ke6 51. Nf8+ 1/2-1/2

[Event "38. Open Ciudad de San Sebastián"]
[Site "San Sebastián ESP"]
[Date "2015.03.30"]
[Round "4.18"]
[White "Borsos, Bogdan"]
[Black "Perez Cameselle, Francisco"]
[Result "1/2-1/2"]
[WhiteElo "2202"]
[BlackElo "1862"]
[PlyCount "126"]
[EventDate "2015.03.28"]
[EventType "swiss"]
[EventRounds "9"]
[EventCountry "ESP"]
[Source "lmi"]
[SourceDate "2015.03.28"]

1. d4 e6 2. c4 Nf6 3. g3 Bb4+ 4. Nd2 O-O 5. Bg2 d5 6. Ngf3 b6 7. O-O Bb7 8. Ne5
Nbd7 9. Nxd7 Qxd7 10. Nf3 Be7 11. Ne5 Qc8 12. Bg5 h6 13. Bxf6 Bxf6 14. Ng4 Be7
15. Rc1 dxc4 16. Bxb7 Qxb7 17. Rxc4 c5 18. dxc5 Bxc5 19. b4 Be7 20. b5 a6 21.
a4 axb5 22. axb5 Rfd8 23. Rd4 Rxd4 24. Qxd4 Rd8 25. Qc4 Bc5 26. Ne5 Qd5 27. Qf4
f6 28. Nc6 Ra8 29. Qc7 Ra2 30. e3 Kh7 31. Qd8 Qxd8 32. Nxd8 Rb2 33. Nxe6 Rxb5
34. Rd1 g5 35. Rd7+ Kg6 36. g4 f5 37. Nxc5 bxc5 38. Rd6+ Kg7 39. gxf5 c4 40.
Rg6+ Kf7 41. Rxh6 Rc5 42. Ra6 c3 43. Ra1 Kf6 44. Kf1 Kxf5 45. f3 g4 46. fxg4+
Kxg4 47. Ke2 c2 48. Rc1 Rh5 49. Kd3 Rxh2 50. Ke4 Kg5 51. Ke5 Kg6 52. e4 Kf7 53.
Kd4 Ke6 54. Ra1 Rd2+ 55. Kc3 Rh2 56. Kd4 Rd2+ 57. Kc3 Rh2 58. Kd3 Rh3+ 59. Kd4
Rh2 60. Kd3 Rh3+ 61. Kd4 Rh2 62. Rc1 Rd2+ 63. Ke3 Rh2 1/2-1/2

[Event "38. Open Ciudad de San Sebastián"]
[Site "San Sebastián ESP"]
[Date "2015.03.30"]
[Round "4.26"]
[White "Abalia Patino, Aritz"]
[Black "Henderson De La Fuente, Andrea"]
[Result "0-1"]
[WhiteElo "2049"]
[BlackElo "1751"]
[PlyCount "170"]
[EventDate "2015.03.28"]
[EventType "swiss"]
[EventRounds "9"]
[EventCountry "ESP"]
[Source "lmi"]
[SourceDate "2015.03.28"]

1. e4 d6 2. d4 Nf6 3. Nc3 e5 4. Nf3 Nbd7 5. Bc4 Be7 6. O-O O-O 7. Re1 c6 8. a4
b6 9. d5 cxd5 10. Nxd5 Nxd5 11. Bxd5 Rb8 12. b3 Bb7 13. Ba3 Nf6 14. Bxb7 Rxb7
15. Qd3 Rd7 16. c4 Re8 17. Rad1 Bf8 18. Bc1 h6 19. Bd2 a6 20. a5 Qb8 21. axb6
Qxb6 22. Ra1 Rb8 23. b4 Rc8 24. b5 axb5 25. cxb5 Rb8 26. Reb1 Qb7 27. Ra4 d5
28. Nxe5 Rd6 29. Nxf7 Qxf7 30. e5 Ne4 31. exd6 Qxf2+ 32. Kh1 Qxd2 33. Qxd2 Nxd2
34. Rd1 Nc4 35. d7 Be7 36. Rxd5 Nb6 37. Re5 Nxa4 38. Rxe7 Kf8 39. Re4 Nc5 40.
Rd4 Ke7 41. Rg4 g5 42. h4 Ne6 43. hxg5 hxg5 44. Rb4 Kxd7 45. Kh2 Kd6 46. Kg3
Kc5 47. Re4 Rb6 48. Kg4 Kd5 49. Rb4 Ke5 50. Rb1 Kf6 51. Rf1+ Kg6 52. Rf5 Kg7
53. Re5 Kf6 54. Rf5+ Ke7 55. Rd5 Rb8 56. g3 Ra8 57. b6 Ra4+ 58. Kf5 Rb4 59. Ra5
Rxb6 60. Ke5 Kf7 61. Kf5 Ke7 62. Ke5 Kd7 63. Kf5 Rd6 64. Ra7+ Kc6 65. Ra6+ Kc5
66. Ra5+ Kd4 67. Ra4+ Ke3 68. g4 Rd4 69. Ra3+ Rd3 70. Ra4 Nc5 71. Ra1 Rd5+ 72.
Kg6 Kf4 73. Rg1 Ne4 74. Kh5 Nf6+ 75. Kg6 Nxg4 76. Rf1+ Kg3 77. Rg1+ Kf3 78. Rh1
Nf2 79. Rh5 Kf4 80. Rh2 Rd2 81. Kh5 g4 82. Kh4 Kf3 83. Kg5 g3 84. Rh8 g2 85.
Rf8+ Ke4 0-1

[Event "38. Open Ciudad de San Sebastián"]
[Site "San Sebastián ESP"]
[Date "2015.03.31"]
[Round "5.13"]
[White "Sanchez Saez, Francisco"]
[Black "Gonzalez Pereira, Asier"]
[Result "1-0"]
[WhiteElo "2281"]
[BlackElo "2068"]
[PlyCount "79"]
[EventDate "2015.03.28"]
[EventType "swiss"]
[EventRounds "9"]
[EventCountry "ESP"]
[Source "lmi"]
[SourceDate "2015.03.28"]

1. c4 e5 2. g3 Nf6 3. Bg2 d5 4. cxd5 Nxd5 5. Nc3 Nb6 6. Nf3 Nc6 7. O-O Be7 8.
a3 O-O 9. b4 Re8 10. Rb1 Bf8 11. d3 a5 12. b5 Nd4 13. Nd2 a4 14. e3 Ne6 15. Nf3
Nc5 16. d4 exd4 17. Nxd4 Ra7 18. Qc2 Qf6 19. Bb2 Qg6 20. e4 Nc4 21. b6 Ra6 22.
Nd5 Nxb2 23. Nxc7 Rd8 24. Nxa6 Qxb6 25. Nxc5 Qxc5 26. Qxc5 Bxc5 27. Rxb2 Rxd4
28. Rc1 b6 29. h4 Rd8 30. Rc4 Bd7 31. Rd2 Kf8 32. Bh3 Ke7 33. Rxd7+ Rxd7 34.
Bxd7 Kxd7 35. Rxa4 Kc6 36. Kg2 h6 37. f4 h5 38. Kf3 g6 39. g4 Be7 40. g5 1-0

[Event "38. Open Ciudad de San Sebastián"]
[Site "San Sebastián ESP"]
[Date "2015.03.31"]
[Round "5.14"]
[White "Perez Calahorra, Ricardo"]
[Black "Capote Robayna, Nathaniel"]
[Result "0-1"]
[WhiteElo "2090"]
[BlackElo "2277"]
[PlyCount "48"]
[EventDate "2015.03.28"]
[EventType "swiss"]
[EventRounds "9"]
[EventCountry "ESP"]
[Source "lmi"]
[SourceDate "2015.03.28"]

1. Nf3 Nf6 2. b3 d6 3. Bb2 Nbd7 4. e3 g6 5. g4 e5 6. g5 Ng8 7. d4 Bg7 8. dxe5
dxe5 9. Bc4 Ne7 10. h4 O-O 11. h5 Nb6 12. Bd3 Bg4 13. Nbd2 Ned5 14. Be4 f5 15.
gxf6 Nxf6 16. Rh4 gxh5 17. Bxb7 Rb8 18. Ba6 e4 19. Rxg4 Nxg4 20. Bxg7 Kxg7 21.
Nd4 Qh4 22. Ne6+ Kh6 23. Nxe4 Rxf2 24. Qd4 Qh1+ 0-1

[Event "38. Open Ciudad de San Sebastián"]
[Site "San Sebastián ESP"]
[Date "2015.03.31"]
[Round "5.15"]
[White "Lopez De Turiso, Jose Angel"]
[Black "Nava Pereda, Carlos"]
[Result "0-1"]
[WhiteElo "2046"]
[BlackElo "2266"]
[PlyCount "70"]
[EventDate "2015.03.28"]
[EventType "swiss"]
[EventRounds "9"]
[EventCountry "ESP"]
[Source "lmi"]
[SourceDate "2015.03.28"]

1. e4 c5 2. c3 Nf6 3. e5 Nd5 4. Nf3 Nc6 5. d4 cxd4 6. cxd4 d6 7. Bc4 e6 8. O-O
Be7 9. Bd2 O-O 10. Qe2 Qb6 11. Nc3 Nxc3 12. Bxc3 d5 13. Bd3 f5 14. exf6 Bxf6
15. Ne5 g6 16. Qg4 Bxe5 17. dxe5 d4 18. Bxg6 dxc3 19. Bxh7+ Kxh7 20. Rae1 cxb2
21. Qh5+ Kg7 22. Qg5+ Kf7 23. Qh5+ Ke7 24. Qg5+ Ke8 25. Qg6+ Rf7 26. Qg8+ Ke7
27. Rd1 Qc7 28. Qg5+ Ke8 29. Rd2 Qe7 30. Qg6 Nxe5 31. Qh5 Qf6 32. f4 Ng6 33.
Rfd1 Bd7 34. Rxd7 Rxd7 35. Rxd7 b1=Q+ 0-1

[Event "38. Open Ciudad de San Sebastián"]
[Site "San Sebastián ESP"]
[Date "2015.03.31"]
[Round "5.16"]
[White "Iagar, Razvan-gabriel"]
[Black "Sanchez Merino, Christian"]
[Result "1-0"]
[WhiteElo "2189"]
[BlackElo "1730"]
[PlyCount "67"]
[EventDate "2015.03.28"]
[EventType "swiss"]
[EventRounds "9"]
[EventCountry "ESP"]
[Source "lmi"]
[SourceDate "2015.03.28"]

1. d4 g6 2. c4 Bg7 3. Nf3 c5 4. d5 d6 5. e4 Qb6 6. Qc2 Nh6 7. Nc3 f5 8. Bd3
fxe4 9. Nxe4 Nf7 10. O-O Bf5 11. Neg5 Bxd3 12. Qxd3 Ne5 13. Nxe5 Bxe5 14. Ne6
Kd7 15. Qh3 Ke8 16. f4 Bf6 17. Rb1 Na6 18. b3 Nc7 19. Bb2 Bxb2 20. Rxb2 Nxe6
21. Qxe6 Qc7 22. Re2 Rf8 23. f5 gxf5 24. Rxf5 Rxf5 25. Qxf5 e5 26. dxe6 Qg7 27.
e7 a5 28. h3 b6 29. Kh2 Qf7 30. Qe4 Rc8 31. Qb7 Qf4+ 32. g3 Qf5 33. Qxb6 Qf3
34. Qb5+ 1-0

[Event "38. Open Ciudad de San Sebastián"]
[Site "San Sebastián ESP"]
[Date "2015.03.31"]
[Round "5.17"]
[White "Henderson De La Fuente, Andrea"]
[Black "Jimenez Almeida, Luis David"]
[Result "1-0"]
[WhiteElo "1751"]
[BlackElo "2244"]
[PlyCount "91"]
[EventDate "2015.03.28"]
[EventType "swiss"]
[EventRounds "9"]
[EventCountry "ESP"]
[Source "lmi"]
[SourceDate "2015.03.28"]

1. e4 c5 2. Nf3 d6 3. g3 Nc6 4. Bg2 g6 5. d3 Bg7 6. c3 e6 7. Nbd2 Nge7 8. Qe2
O-O 9. h4 Rb8 10. h5 b5 11. Nf1 b4 12. Bd2 bxc3 13. bxc3 Rb2 14. hxg6 hxg6 15.
Qe3 Ba6 16. N1h2 Qa5 17. Ng4 Rfb8 18. O-O Ne5 19. Nfxe5 dxe5 20. f4 Bxd3 21.
Rf2 c4 22. fxe5 Qb6 23. Qf4 Rf8 24. Nf6+ Bxf6 25. exf6 Nf5 26. exf5 exf5 27.
Qg5 Re8 28. Bd5 f4 29. Qh6 Qxf6 30. Rxf4 Bf5 31. Raf1 Re5 32. g4 Rxd5 33. Rxf5
Rxf5 34. gxf5 Qb6+ 35. Be3 Qc6 36. Qg5 Qd6 37. Qh4 Qd5 38. Qg3 Qd3 39. Qf3 Qc2
40. Qa8+ Kh7 41. Qh1+ Kg8 42. Bd4 Kf8 43. Qa8+ Ke7 44. Re1+ Kd6 45. Qf8+ Kc6
46. Qc5+ 1-0

[Event "38. Open Ciudad de San Sebastián"]
[Site "San Sebastián ESP"]
[Date "2015.03.31"]
[Round "5.18"]
[White "Prieto Aranguren, Alain"]
[Black "Erice Alonso, Santiago"]
[Result "1-0"]
[WhiteElo "2216"]
[BlackElo "1999"]
[PlyCount "51"]
[EventDate "2015.03.28"]
[EventType "swiss"]
[EventRounds "9"]
[EventCountry "ESP"]
[Source "lmi"]
[SourceDate "2015.03.28"]

1. d4 d5 2. c4 c6 3. e3 Nf6 4. Nc3 e6 5. Nf3 Be7 6. Bd3 O-O 7. O-O Nbd7 8. e4
dxe4 9. Nxe4 Nxe4 10. Bxe4 Nf6 11. Bc2 h6 12. b3 b6 13. Bb2 Bb7 14. Qd3 Qc7 15.
d5 Rfd8 16. Be5 Qd7 17. Bxf6 Bxf6 18. Qh7+ Kf8 19. dxe6 fxe6 20. Rae1 c5 21.
Ne5 Qd4 22. Be4 Bxe5 23. Bxb7 Rd7 24. Qg6 Bf6 25. Re3 Rad8 26. Rfe1 1-0

[Event "38. Open Ciudad de San Sebastián"]
[Site "San Sebastián ESP"]
[Date "2015.03.31"]
[Round "5.19"]
[White "Rodriguez Gonzalez, Alex"]
[Black "Borsos, Bogdan"]
[Result "0-1"]
[WhiteElo "1994"]
[BlackElo "2202"]
[PlyCount "29"]
[EventDate "2015.03.28"]
[EventType "swiss"]
[EventRounds "9"]
[EventCountry "ESP"]
[Source "lmi"]
[SourceDate "2015.03.28"]

1. e4 d5 2. exd5 Nf6 3. Nc3 Nxd5 4. Bc4 Nb6 5. Bb3 g6 6. Qf3 e6 7. d4 Nc6 8.
Nge2 Bg7 9. Be3 O-O 10. Rd1 a5 11. a4 Nb4 12. Ne4 Bd7 13. Nc5 Bc6 14. Qh3 Qe8
15. O-O 0-1

[Event "38. Open Ciudad de San Sebastián"]
[Site "San Sebastián ESP"]
[Date "2015.03.31"]
[Round "5.20"]
[White "Aranaz Portugues, Jose Carlos"]
[Black "Llano Olabarrieta, Joseba"]
[Result "0-1"]
[WhiteElo "2121"]
[BlackElo "1958"]
[PlyCount "78"]
[EventDate "2015.03.28"]
[EventType "swiss"]
[EventRounds "9"]
[EventCountry "ESP"]
[Source "lmi"]
[SourceDate "2015.03.28"]

1. d4 Nf6 2. Bg5 c5 3. d5 Qb6 4. Nc3 Qxb2 5. Bd2 Qb6 6. e4 d6 7. f4 e5 8. f5
Be7 9. Be2 Qd8 10. Rb1 a6 11. a4 Qc7 12. g4 h6 13. h4 Nbd7 14. Qc1 b6 15. Nh3
Bb7 16. Nf2 O-O-O 17. a5 b5 18. Bxb5 axb5 19. Nxb5 Qb8 20. a6 Bxa6 21. Nd4 Qxb1
22. Qxb1 exd4 23. Rh3 Ne5 24. Qa2 Bb7 25. g5 hxg5 26. Bxg5 Ng8 27. Bd2 Bxh4 28.
Ra3 Bxf2+ 29. Kxf2 Rh2+ 30. Ke1 Rh1+ 31. Ke2 Rh2+ 32. Kd1 Nf6 33. Bf4 Rh1+ 34.
Ke2 Nxe4 35. Bxe5 dxe5 36. Qc4 Rdh8 37. Rf3 R8h2+ 38. Kd3 Rd2+ 39. Kxe4 Re1+
0-1

[Event "38. Open Ciudad de San Sebastián"]
[Site "San Sebastián ESP"]
[Date "2015.03.31"]
[Round "5.21"]
[White "Martinez Fernandez, Adrian"]
[Black "Martinez De Miguel, Pedro"]
[Result "0-1"]
[WhiteElo "1947"]
[BlackElo "2110"]
[PlyCount "130"]
[EventDate "2015.03.28"]
[EventType "swiss"]
[EventRounds "9"]
[EventCountry "ESP"]
[Source "lmi"]
[SourceDate "2015.03.28"]

1. e4 c5 2. Nf3 d6 3. d4 cxd4 4. Nxd4 Nf6 5. Nc3 a6 6. Be3 e6 7. f3 Qc7 8. Qd2
Nbd7 9. g4 h6 10. O-O-O b5 11. Kb1 Nc5 12. Bd3 Bb7 13. h4 g6 14. g5 hxg5 15.
hxg5 Rxh1 16. Rxh1 Nh5 17. Nde2 b4 18. Nd1 d5 19. Nf2 dxe4 20. Bxe4 Rd8 21. Qe1
Nxe4 22. Nxe4 Bxe4 23. fxe4 Qe5 24. Qh4 Bg7 25. Bc1 a5 26. Nf4 Nxf4 27. Qxf4 a4
28. Rf1 Rd7 29. Qxe5 Bxe5 30. b3 a3 31. Be3 Bc3 32. Kc1 Ke7 33. Bc5+ Kd8 34.
Be3 Kc7 35. Bf4+ Kc6 36. Be3 Rd8 37. Rh1 Rd6 38. Rh7 Kb5 39. Rh1 Kc6 40. Rf1
Rd7 41. Rh1 Kc7 42. Rf1 Kd8 43. Rh1 Ke8 44. Rf1 Kf8 45. Rh1 Kg7 46. Rf1 Rd8 47.
Rh1 f5 48. gxf6+ Kxf6 49. Bf4 g5 50. Bg3 Rd4 51. Rf1+ Kg6 52. Be5 Rxe4 53. Bxc3
bxc3 54. Rd1 g4 55. Rg1 Kg5 56. Rg3 Kf4 57. Rxc3 g3 58. Rc8 g2 59. Rg8 Kf3 60.
Rxg2 Kxg2 61. Kd2 Kf3 62. c4 Re2+ 63. Kc3 Rxa2 64. c5 Ra1 65. b4 Rb1 0-1

[Event "38. Open Ciudad de San Sebastián"]
[Site "San Sebastián ESP"]
[Date "2015.03.31"]
[Round "5.22"]
[White "Encinas Encinas, Alvaro"]
[Black "Alkhaldi, Bader"]
[Result "1-0"]
[WhiteElo "2076"]
[BlackElo "1942"]
[PlyCount "71"]
[EventDate "2015.03.28"]
[EventType "swiss"]
[EventRounds "9"]
[EventCountry "ESP"]
[Source "lmi"]
[SourceDate "2015.03.28"]

1. e4 d6 2. Nc3 Nf6 3. Bc4 c6 4. a4 d5 5. exd5 cxd5 6. Bb5+ Nc6 7. Nf3 e6 8. d4
Bd6 9. Bg5 h6 10. Bh4 O-O 11. O-O a6 12. Bd3 Nb4 13. Ne5 Nxd3 14. Qxd3 Re8 15.
f4 Be7 16. Rf3 b6 17. Nc6 Qc7 18. Nxe7+ Qxe7 19. f5 exf5 20. Nxd5 Nxd5 21. Bxe7
Rxe7 22. c4 Nf6 23. d5 Bd7 24. Re3 Ne4 25. Qd4 Rb8 26. Rb3 b5 27. axb5 axb5 28.
c5 Ree8 29. c6 Ra8 30. Rxa8 Rxa8 31. Ra3 Rc8 32. Qa7 Be8 33. Qe7 Nf6 34. Qb7
Rd8 35. c7 Rxd5 36. Qxd5 1-0

[Event "38. Open Ciudad de San Sebastián"]
[Site "San Sebastián ESP"]
[Date "2015.03.31"]
[Round "5.23"]
[White "Cross, Dominic"]
[Black "Segovia Sanchez, Antonio"]
[Result "0-1"]
[WhiteElo "1968"]
[BlackElo "2072"]
[PlyCount "93"]
[EventDate "2015.03.28"]
[EventType "swiss"]
[EventRounds "9"]
[EventCountry "ESP"]
[Source "lmi"]
[SourceDate "2015.03.28"]

1. d4 d5 2. c4 c6 3. Nf3 Nf6 4. Nc3 a6 5. e3 Bg4 6. c5 Nbd7 7. Qb3 Ra7 8. a4
Bxf3 9. gxf3 e5 10. a5 g6 11. Bh3 Bg7 12. O-O O-O 13. Qb4 Qc7 14. Ne2 Raa8 15.
Kh1 Rfe8 16. dxe5 Nxe5 17. f4 Nd3 18. Qa3 Nxc1 19. Raxc1 Ne4 20. b4 Nd2 21. Rg1
Nc4 22. Qd3 Re7 23. Nd4 Rae8 24. Rg3 Re4 25. Bg2 Rxd4 26. exd4 Qxf4 27. Rf1
Qxd4 28. Qxd4 Bxd4 29. Rd3 Bf6 30. f4 Re2 31. Bh3 Rb2 32. f5 g5 33. Re1 Rxb4
34. Bf1 Rb5 35. Rde3 Rxc5 36. Re8+ Kg7 37. Rb8 Ne5 38. Rxb7 Rxa5 39. Ra7 c5 40.
Rxa6 Rxa6 41. Bxa6 c4 42. Rd1 Nd3 43. Kg2 Be5 44. Bb7 c3 45. Rxd3 c2 46. Bxd5
c1=Q 47. Bf3 0-1

[Event "38. Open Ciudad de San Sebastián"]
[Site "San Sebastián ESP"]
[Date "2015.03.31"]
[Round "5.25"]
[White "Ouadi, Wahbi"]
[Black "Sacristan Latorre, Alberto"]
[Result "1-0"]
[WhiteElo "1896"]
[BlackElo "2021"]
[PlyCount "51"]
[EventDate "2015.03.28"]
[EventType "swiss"]
[EventRounds "9"]
[EventCountry "ESP"]
[Source "lmi"]
[SourceDate "2015.03.28"]

1. d4 Nf6 2. Nc3 c5 3. d5 d6 4. e4 g6 5. Nf3 Bg7 6. Be2 O-O 7. O-O a6 8. a4 e6
9. Bg5 h6 10. Bh4 g5 11. Bg3 exd5 12. Bxd6 Qxd6 13. e5 Qd8 14. exf6 Bxf6 15.
Nxd5 Bxb2 16. Bc4 Nc6 17. Rb1 Bg7 18. Re1 Be6 19. Rxb7 Na5 20. Rxe6 Nxb7 21.
Rxa6 Na5 22. Rxa8 Qxa8 23. Ne7+ Kh8 24. Nxg5 Nxc4 25. Qd3 f5 26. Ng6+ 1-0

[Event "38. Open Ciudad de San Sebastián"]
[Site "San Sebastián ESP"]
[Date "2015.03.31"]
[Round "5.26"]
[White "Carrascal Rosal, Alberto"]
[Black "Segura Del Frago, Imanol"]
[Result "1-0"]
[WhiteElo "1884"]
[BlackElo "2020"]
[PlyCount "57"]
[EventDate "2015.03.28"]
[EventType "swiss"]
[EventRounds "9"]
[EventCountry "ESP"]
[Source "lmi"]
[SourceDate "2015.03.28"]

1. e4 e6 2. d4 d5 3. Nd2 dxe4 4. Nxe4 Bd7 5. Nf3 Bc6 6. Bd3 Nd7 7. O-O Ngf6 8.
Qe2 Be7 9. Rd1 O-O 10. Ng3 Bxf3 11. Qxf3 c6 12. b3 Qc7 13. c4 c5 14. Bf4 Qb6
15. d5 exd5 16. Nf5 Rfe8 17. cxd5 Bf8 18. Re1 Qb4 19. Kf1 Kh8 20. g4 Nb6 21. g5
Nfxd5 22. Be5 Qd2 23. Nxg7 Rxe5 24. Rxe5 Bxg7 25. Qf5 Kg8 26. Rae1 f6 27. Re8+
Rxe8 28. Rxe8+ Kf7 29. Qe6# 1-0

[Event "38. Open Ciudad de San Sebastián"]
[Site "San Sebastián ESP"]
[Date "2015.03.31"]
[Round "5.28"]
[White "Barbazan Bilbao, Xabier"]
[Black "Martikorena Endara, Patxi"]
[Result "1-0"]
[WhiteElo "2013"]
[BlackElo "1682"]
[PlyCount "45"]
[EventDate "2015.03.28"]
[EventType "swiss"]
[EventRounds "9"]
[EventCountry "ESP"]
[Source "lmi"]
[SourceDate "2015.03.28"]

1. e4 c5 2. Nf3 d6 3. d4 cxd4 4. Nxd4 Nf6 5. Nc3 a6 6. Bg5 e6 7. Qe2 Be7 8.
O-O-O Qc7 9. f4 Nbd7 10. g4 b5 11. Bg2 Bb7 12. e5 dxe5 13. fxe5 Nd5 14. Bxe7
Nxc3 15. bxc3 Kxe7 16. Rhf1 Bxg2 17. Qxg2 Nxe5 18. Rde1 Rac8 19. Qf2 f6 20. g5
Nd7 21. Rxe6+ Kf7 22. gxf6 g6 23. Qh4 1-0

[Event "38. Open Ciudad de San Sebastián"]
[Site "San Sebastián ESP"]
[Date "2015.04.01"]
[Round "6.2"]
[White "Epishin, Vladimir"]
[Black "Sanchez Botella, Luis Javier"]
[Result "1-0"]
[WhiteElo "2563"]
[BlackElo "2259"]
[PlyCount "67"]
[EventDate "2015.03.28"]
[EventType "swiss"]
[EventRounds "9"]
[EventCountry "ESP"]
[Source "lmi"]
[SourceDate "2015.03.28"]

1. d4 Nf6 2. Nf3 e6 3. c4 b6 4. g3 Bb7 5. Bg2 Be7 6. Nc3 Ne4 7. Bd2 Nxc3 8.
Bxc3 O-O 9. Qc2 d5 10. O-O Nd7 11. Rfd1 Nf6 12. Ne5 c6 13. b4 Nd7 14. e4 Nxe5
15. dxe5 Qc7 16. exd5 cxd5 17. cxd5 Bxb4 18. Rac1 Qxc3 19. Qxc3 Bxc3 20. Rxc3
Rfd8 21. d6 Bxg2 22. Kxg2 Rac8 23. Rdc1 Rxc3 24. Rxc3 f6 25. f4 Kf7 26. Rc7+
Kg6 27. g4 h5 28. h3 hxg4 29. hxg4 fxe5 30. fxe5 a5 31. Re7 b5 32. Rxe6+ Kg5
33. Re7 b4 34. Kg1 1-0

[Event "38. Open Ciudad de San Sebastián"]
[Site "San Sebastián ESP"]
[Date "2015.04.01"]
[Round "6.3"]
[White "Libiszewski, Fabien"]
[Black "Tratar, Marko"]
[Result "1/2-1/2"]
[WhiteElo "2514"]
[BlackElo "2475"]
[PlyCount "62"]
[EventDate "2015.03.28"]
[EventType "swiss"]
[EventRounds "9"]
[EventCountry "ESP"]
[Source "lmi"]
[SourceDate "2015.03.28"]

1. e4 e6 2. d4 d5 3. Nc3 Nf6 4. e5 Nfd7 5. f4 c5 6. Nf3 Be7 7. Be3 b6 8. Qd2
O-O 9. Be2 Nc6 10. O-O Bb7 11. Nd1 Qc8 12. c3 Ba6 13. Bf2 Bxe2 14. Qxe2 f5 15.
c4 Qa6 16. Nc3 Qxc4 17. Qxc4 dxc4 18. d5 exd5 19. Nxd5 Rfc8 20. Rad1 Nf8 21. e6
Ng6 22. g3 Bf8 23. Rfe1 Nge7 24. Ne3 Rd8 25. Nxc4 Rxd1 26. Rxd1 Nd8 27. Re1 Rc8
28. Ng5 Nec6 29. Ne3 Ne7 30. Nc4 Nec6 31. Ne3 Ne7 1/2-1/2

[Event "38. Open Ciudad de San Sebastián"]
[Site "San Sebastián ESP"]
[Date "2015.04.01"]
[Round "6.4"]
[White "Hernandez, Elvis"]
[Black "Andres Gonzalez, Alberto"]
[Result "0-1"]
[WhiteElo "2308"]
[BlackElo "2515"]
[PlyCount "79"]
[EventDate "2015.03.28"]
[EventType "swiss"]
[EventRounds "9"]
[EventCountry "ESP"]
[Source "lmi"]
[SourceDate "2015.03.28"]

1. e4 c5 2. Nf3 e6 3. c3 d5 4. exd5 Qxd5 5. d4 Nf6 6. Bd3 Nc6 7. O-O cxd4 8.
cxd4 Be7 9. Nc3 Qd6 10. Nb5 Qd8 11. Bf4 Nd5 12. Bg3 O-O 13. Rc1 Qb6 14. Bc4 Bd7
15. Nc3 Nf6 16. Na4 Qd8 17. Nc5 Bc8 18. Bb5 Qb6 19. Qa4 Nxd4 20. Nxd4 Bxc5 21.
Nb3 Bd6 22. Bh4 Nd5 23. Rfd1 Be5 24. Rc2 a6 25. Be2 Qd6 26. Bg3 Bxg3 27. hxg3
Bd7 28. Qh4 Rac8 29. Rcd2 Qb6 30. Bd3 h6 31. Be4 Bc6 32. Nd4 Nf6 33. Bxc6 bxc6
34. g4 Rfd8 35. g5 hxg5 36. Qh3 c5 37. Nc6 Rxd2 38. Ne7+ Kf8 39. Ng6+ fxg6 40.
Rxd2 0-1

[Event "38. Open Ciudad de San Sebastián"]
[Site "San Sebastián ESP"]
[Date "2015.04.01"]
[Round "6.5"]
[White "Capote Robayna, Nathaniel"]
[Black "Chabanon, Jean-luc"]
[Result "0-1"]
[WhiteElo "2277"]
[BlackElo "2491"]
[PlyCount "66"]
[EventDate "2015.03.28"]
[EventType "swiss"]
[EventRounds "9"]
[EventCountry "ESP"]
[Source "lmi"]
[SourceDate "2015.03.28"]

1. e4 d6 2. d4 g6 3. Nc3 Bg7 4. f4 a6 5. Nf3 b5 6. Bd3 Nd7 7. Be3 c5 8. e5 b4
9. Ne4 Nh6 10. dxc5 Nf5 11. Bf2 dxe5 12. c6 Nb8 13. Nxe5 Qc7 14. Bc4 Bxe5 15.
fxe5 Nxc6 16. e6 fxe6 17. Nc5 Qe5+ 18. Qe2 Nfd4 19. Bxd4 Qxe2+ 20. Bxe2 Nxd4
21. Bd3 Rb8 22. O-O-O Nb5 23. Rhe1 Nc7 24. Rf1 Rb6 25. Be4 Rd6 26. Nd3 Nd5 27.
Bxd5 exd5 28. Nxb4 Be6 29. c4 dxc4 30. Rxd6 exd6 31. Nxa6 Kd7 32. Kd2 c3+ 33.
bxc3 Bc4 0-1